| 000 | 00000nam 2200000za 4500 |
| 001 | 9.822546 |
| 003 | CaOODSP |
| 005 | 20221107143713 |
| 007 | cr ||||||||||| |
| 008 | 160812s1997 oncd #o f001 0 eng d |
| 040 | |aCaOODSP|beng |
| 043 | |an-cn--- |
| 086 | 1 |aCS89-0022/1997E-PDF |
| 245 | 00|aStatistics Canada employment equity report and multi-year plan |h[electronic resource] : |bup-date : F.Y. 1997-98. |
| 260 | |a[Ottawa] : |bStatistics Canada, |c1997. |
| 300 | |a54 p. : |bcharts. |
| 500 | |aIssued also in French under title: Statistique Canada rapport sur l'équité en matière d'emploi et plan pluriannuel, exercice 1997-1998. |
| 500 | |aDigitized edition from print [produced by Statistics Canada]. |
| 692 | 07|2gccst|aEmployment equity |
| 692 | 07|2gccst|aPersonnel management |
| 692 | 07|2gccst|aPlanning |
| 692 | 07|2gccst|aReports |
| 710 | 2 |aStatistics Canada. |
| 775 | 08|tStatistique Canada rapport sur l'équité en matière d'emploi et plan pluriannuel |w(CaOODSP)9.822548 |
| 856 | 40|qPDF|s913 KB|uhttps://publications.gc.ca/collections/collection_2016/statcan/CS89-0022-1997-eng.pdf |